Report of The Committee On Youth, Sports And Culture On The 2018 Annual Budget Estimates of the Ministry Of Chieftaincy And Religious Affairs (Record no. 1127)

MARC details
000 -LEADER
fixed length control field 00616nam a2200157Ia 4500
008 - FIXED-LENGTH DATA ELEMENTS--GENERAL INFORMATION
fixed length control field 240428s9999||||xx |||||||||||||| ||und||
041 ## - LANGUAGE CODE
Language code of text/sound track or separate title eng
082 ## - DEWEY DECIMAL CLASSIFICATION NUMBER
Classification number BE/MCRA/18
100 ## - MAIN ENTRY--PERSONAL NAME
Personal name Ministry of Finance
245 #0 - TITLE STATEMENT
Title Report of The Committee On Youth, Sports And Culture On The 2018 Annual Budget Estimates of the Ministry Of Chieftaincy And Religious Affairs
260 ## - PUBLICATION, DISTRIBUTION, ETC.
Name of publisher, distributor, etc. Ministry of Finance
Place of publication, distribution, etc. [Accra] :
Date of publication, distribution, etc. 2018
300 ## - PHYSICAL DESCRIPTION
Extent 10p.: tabs
650 ## - SUBJECT ADDED ENTRY--TOPICAL TERM
Topical term or geographic name entry element Ministry Of Chieftaincy And Religious Affairs 2018 Budget Estimates - Youth, Sports And Culture On The 2018 Annual Budget Estimates
942 ## - ADDED ENTRY ELEMENTS (KOHA)
Koha item type E-resources & Electronic Documnets
Holdings
Withdrawn status Lost status Damaged status Not for loan Home library Current library Shelving location Date acquired Total checkouts Full call number Date last seen Copy number Price effective from Koha item type
        Main Library Main Library Reference 08/06/2022   BE/MCRA/18 711 C1 - BE/MCRA/18 712 C2 29/04/2024 1 29/04/2024 E-resources & Electronic Documnets
©2026  Parliament of Ghana Library - All rights reserved